000 01192nam a22002657a 4500
005 20170124103110.0
010 _a690481
020 _c15.00
035 _a690481
037 _bCen Lib/Ret
040 _aDPL
_bHN
082 _a410
_bशिवना
100 _aशिवनारायण शास्त्री
_945019
245 _aवैदिक वाडमय में भाषा चिंतन /
_cशिवनारायण शास्त्री
246 _aVaidik vadamya mei bhasha chintan /
_bby Shivnarayan Shastri
260 _aदिल्ली
_bइन्डोलॉजिकल बुक हाउस
_c1972
270 _bदिल्ली
_a१९७५, कूचा दाख्निराए, दरयागंज
_e110002
300 _a252पृ.
_c20सेमी(सजिल्द )
500 _aअनुक्रमाणिका शामिल
650 _aहिन्दी --भाषा
_x
_z
_979575
650 _aहिन्दी --भाषा--चिंतन
_946937
650 _aHindi--bhasha
_943966
650 _aHindi--bhasha--chintan
_979576
942 _2ddc
_cHN
_h410
_mशिवना
999 _c118333
_d118333